[Event "SPICE Cup Open 2018"]
[Site "Saint Louis USA"]
[Date "2018.10.24"]
[Round "3.6"]
[White "Wang, Tianqi"]
[Black "Tang, Andrew"]
[Result "1/2-1/2"]
[BlackTitle "GM"]
[WhiteElo "2346"]
[BlackElo "2469"]
[WhiteFideId "2063824"]
[BlackFideId "2059630"]
[EventDate "2018.10.23"]
[EventType "swiss"]

1. d4 d5 2. c4 e6 3. Nf3 Nf6 4. e3 Be7 5. Be2 O-O 6. O-O b6 7. b3 Bb7 8. Bb2 c5
9. Nbd2 Nbd7 10. Rc1 Rc8 11. Rc2 dxc4 12. Bxc4 a6 13. Qb1 b5 14. Be2 cxd4 15.
Rxc8 Qxc8 16. Rc1 Qa8 17. Bxd4 Ba3 18. Bb2 Bb4 19. Bf1 Rd8 20. a3 Be7 21. b4 h6
22. h3 Nd5 23. Bd4 N5b6 24. Ba1 Bd5 25. Ne5 Nxe5 26. Bxe5 Nd7 27. Bd4 Rc8 28.
Rxc8+ Qxc8 1/2-1/2

[Event "SPICE Cup Open 2018"]
[Site "Saint Louis USA"]
[Date "2018.10.24"]
[Round "3.7"]
[White "Cori, Jorge"]
[Black "Grabinsky, Aaron"]
[Result "1-0"]
[WhiteTitle "GM"]
[WhiteElo "2664"]
[BlackElo "2375"]
[WhiteFideId "3802272"]
[BlackFideId "2087090"]
[EventDate "2018.10.23"]
[EventType "swiss"]

1. d4 Nf6 2. c4 e6 3. Nf3 d5 4. e3 a6 5. Bd3 dxc4 6. Bxc4 b5 7. Bd3 Bb7 8. O-O
c5 9. a4 b4 10. Nbd2 Nbd7 11. a5 Be7 12. Qe2 O-O 13. Rd1 cxd4 14. exd4 Bd6 15.
Nc4 Qc7 16. Nfe5 Nd5 17. Bd2 Nxe5 18. dxe5 Bc5 19. Rac1 Qe7 20. Be4 Rac8 21.
Bxd5 Bxd5 22. Nb6 Bxb6 23. axb6 Qb7 24. Bxb4 Rfe8 25. Ba5 Bxg2 26. Rc7 Rxc7 27.
bxc7 Bd5 28. Rd4 Rc8 29. h3 h6 30. Kh2 Qc6 31. Qe3 Qb5 32. Qe1 Qc5 33. Rg4 Bb7
34. b4 Qd5 35. Rg1 Rf8 36. Qc3 Qe4 37. Bb6 Rc8 38. Ba5 g5 39. Qe3 Qd5 40. h4 g4
41. Qf4 Kh7 42. Qxf7+ Kh8 43. Qf6+ Kh7 44. Qe7+ Kg6 45. h5+ Kxh5 46. Qf7+ Kg5
47. Qg7+ Kf5 48. Qf6+ Ke4 49. Re1+ Kd3 50. Rd1+ 1-0

[Event "SPICE Cup Open 2018"]
[Site "Saint Louis USA"]
[Date "2018.10.24"]
[Round "3.8"]
[White "Santarius, Erik"]
[Black "Durarbayli, Vasif"]
[Result "1/2-1/2"]
[WhiteTitle "IM"]
[BlackTitle "GM"]
[WhiteElo "2404"]
[BlackElo "2629"]
[WhiteFideId "2025817"]
[BlackFideId "13402935"]
[EventDate "2018.10.23"]
[EventType "swiss"]

1. d4 Nf6 2. c4 e6 3. g3 c5 4. d5 exd5 5. cxd5 d6 6. Nc3 g6 7. Bg2 Bg7 8. Nf3
O-O 9. O-O Re8 10. Nd2 a6 11. a4 Nbd7 12. Nc4 Ne5 13. Na3 Bd7 14. h3 b5 15. f4
Nh5 16. Ne4 Bf5 17. fxe5 Rxe5 18. g4 Bxe4 19. gxh5 Bxg2 20. Kxg2 Qe7 21. Rf2
Rxh5 22. Qd3 c4 23. Qf3 Rf5 24. Qe3 Qxe3 25. Bxe3 Rxd5 26. Rb1 Re8 27. Bf4 g5
28. Bh2 f5 29. axb5 axb5 30. Kf1 Re3 31. h4 g4 32. Bf4 Rh3 33. Kg2 Rb3 34. Nc2
c3 35. Ne3 Rc5 36. Bxd6 Bd4 37. Bxc5 Bxc5 38. Nxf5 Bxf2 39. Kxf2 Kf7 40. Rd1
cxb2 41. Rb1 Rb4 42. e3 Ke6 43. Nd4+ Kd5 44. Nc2 Rb3 45. Nd4 Rb4 46. Nc2 Rb3 47.
Nd4 1/2-1/2

[Event "SPICE Cup Open 2018"]
[Site "Saint Louis USA"]
[Date "2018.10.24"]
[Round "3.9"]
[White "Moon, Benjamin"]
[Black "Nyzhnyk, Illya"]
[Result "0-1"]
[BlackTitle "GM"]
[WhiteElo "2304"]
[BlackElo "2626"]
[WhiteFideId "2064847"]
[BlackFideId "14118084"]
[EventDate "2018.10.23"]
[EventType "swiss"]

1. d4 d5 2. Bf4 Nf6 3. e3 e6 4. Nf3 c5 5. c3 Nc6 6. Nbd2 Be7 7. h3 Bd6 8. dxc5
Bxc5 9. Bd3 Bd6 10. Bxd6 Qxd6 11. e4 O-O 12. O-O Rd8 13. Qc2 dxe4 14. Bxe4 b6
15. Rad1 Bb7 16. Nc4 Qc5 17. Bxc6 Qxc6 18. Rxd8+ Rxd8 19. Rd1 Rxd1+ 20. Qxd1 Qd5
21. Qxd5 Bxd5 22. Nfd2 Kf8 23. b3 Bxc4 24. bxc4 Ke7 25. Kf1 Nd7 26. Ke2 Nc5 27.
Ke3 e5 28. f4 exf4+ 29. Kxf4 Na4 30. Ke5 Nxc3 31. a3 Kd7 32. Kd4 Ne2+ 33. Ke3
Nc1 34. Nf3 Kd6 35. Kd2 Nb3+ 36. Kc3 Na5 37. Kb4 Nc6+ 38. Kb5 f5 39. Ng5 Nd4+
40. Ka6 h6 41. Nf7+ Ke6 42. Nd8+ Kd7 43. Nf7 Ke6 44. Nd8+ Ke7 45. Nb7 Kd7 46.
Kxa7 Kc7 47. c5 b5 48. Ka6 Kc6 49. h4 g5 50. h5 g4 51. Nd8+ Kxc5 52. Nf7 f4 53.
Ne5 f3 54. g3 Nc2 55. Nxg4 Nxa3 56. Ne5 Nc4 57. Nxf3 b4 58. Ng1 b3 59. Ne2 b2
60. Nc3 Kb4 61. Nb1 Na3 0-1

[Event "SPICE Cup Open 2018"]
[Site "Saint Louis USA"]
[Date "2018.10.24"]
[Round "3.10"]
[White "Ghazarian, Kirk"]
[Black "Shimanov, Aleksandr"]
[Result "0-1"]
[BlackTitle "GM"]
[WhiteElo "2222"]
[BlackElo "2626"]
[WhiteFideId "30908604"]
[BlackFideId "4198603"]
[EventDate "2018.10.23"]
[EventType "swiss"]

1. d4 Nf6 2. c4 e6 3. g3 d5 4. Nf3 Be7 5. Bg2 O-O 6. O-O Nbd7 7. Qc2 c6 8. Rd1
b6 9. b3 Bb7 10. Nc3 Ba6 11. Nd2 b5 12. e3 Rc8 13. Bb2 Qc7 14. Rac1 Qb8 15. Bf1
Qb7 16. cxb5 Bxb5 17. Nxb5 cxb5 18. Qd3 a6 19. Bg2 Nb6 20. Nf3 Ne4 21. Nd2 f5
22. Nf3 Nd7 23. Rxc8 Rxc8 24. Ne1 Bb4 25. Bxe4 dxe4 26. Qe2 Nf6 27. Rc1 Bxe1 28.
Qxe1 Nd5 29. Rxc8+ Qxc8 30. Ba3 Qc3 31. Qe2 g6 32. Bc5 Qc1+ 33. Qf1 Qc2 34. a4
Qxb3 35. axb5 Qxb5 36. Qxb5 axb5 37. Kf1 Kf7 38. Ke2 g5 39. Kd2 Kg6 40. h3 f4
41. exf4 gxf4 42. gxf4 Nxf4 43. Ke3 Kf5 0-1

[Event "SPICE Cup Open 2018"]
[Site "Saint Louis USA"]
[Date "2018.10.24"]
[Round "3.11"]
[White "Quesada Perez, Yuniesky"]
[Black "Williams, Justus"]
[Result "1-0"]
[WhiteTitle "GM"]
[BlackTitle "FM"]
[WhiteElo "2622"]
[BlackElo "2344"]
[WhiteFideId "3504409"]
[BlackFideId "2049929"]
[EventDate "2018.10.23"]
[EventType "swiss"]

1. e4 c5 2. Nf3 Nc6 3. Bb5 g6 4. Bxc6 dxc6 5. d3 Bg7 6. h3 Nf6 7. Nc3 O-O 8. Bf4
Nd7 9. e5 Nb6 10. Qd2 c4 11. d4 Nd5 12. Bh6 Nxc3 13. Bxg7 Kxg7 14. Qxc3 Be6 15.
O-O Bd5 16. Nd2 b5 17. Rfe1 Qc8 18. Nf1 c5 19. Rad1 Rd8 20. dxc5 Qxc5 21. b4 Qb6
22. Ne3 Be6 23. a3 Qc7 24. Kf1 a5 25. Rxd8 Rxd8 26. Rd1 axb4 27. axb4 Rxd1+ 28.
Nxd1 Qa7 29. Ne3 h5 30. Ke2 Kh7 31. Kd2 Kg8 32. Kc1 Kh7 33. Kb2 Qd7 34. Kc1 Qa7
35. Kd2 Kg8 36. Ke2 Kh7 37. g4 hxg4 38. hxg4 Kg8 39. f3 Kh7 40. Kf2 Qd7 41. Kg3
Kg8 42. Kg2 Kh7 43. Nf1 Qd1 44. Qd2 Qa1 45. c3 Qb1 46. Ng3 Kg7 47. Kf2 Qa1 48.
Qe3 Qd1 49. Ne2 Qh1 50. Nd4 Qh2+ 51. Kf1 Bd5 52. Ke1 Qg3+ 53. Kd2 Qh2+ 54. Qe2
Qf4+ 55. Qe3 Qh2+ 56. Kd1 Qg2 57. Ke1 Kg8 58. Qf2 Qh1+ 59. Ke2 Qb1 60. Qe3 Qh1
61. Qf2 Qb1 62. Qe1 Qd3+ 63. Kf2 e6 64. Qc1 Bb7 65. g5 Kf8 66. Qc2 Qxc2+ 67.
Nxc2 Ke7 68. Ke3 Kd7 69. Nd4 Bc6 70. Ne2 Kc7 71. Ng3 Kb6 72. Nf1 Bb7 73. Nh2 Bc6
74. Ng4 Be8 75. Nh6 Kc6 76. Ke4 Kb6 77. Kd4 Kc6 78. Ng8 Kb6 79. Nf6 Bc6 80. f4
Kc7 81. Kc5 Kb7 82. Kd6 1-0

[Event "SPICE Cup Open 2018"]
[Site "Saint Louis USA"]
[Date "2018.10.24"]
[Round "3.12"]
[White "Chandra, Akshat"]
[Black "Colas, Joshua"]
[Result "1/2-1/2"]
[WhiteTitle "GM"]
[BlackTitle "FM"]
[WhiteElo "2471"]
[BlackElo "2334"]
[WhiteFideId "25006711"]
[BlackFideId "2044447"]
[EventDate "2018.10.23"]
[EventType "swiss"]

1. e4 d5 2. exd5 Qxd5 3. Nc3 Qd6 4. d4 c6 5. Ne4 Qd8 6. Bc4 Nf6 7. Ng3 e6 8. Nf3
Be7 9. O-O O-O 10. Qe2 Nbd7 11. Rd1 Nd5 12. Bb3 b5 13. c4 bxc4 14. Bxc4 a5 15.
Ne5 Nxe5 16. dxe5 f5 17. exf6 Bxf6 18. Ne4 Bd7 19. Be3 a4 20. Bc5 Be7 21. Rac1
Ra5 22. b4 axb3 23. Bxb3 Bxc5 24. Nxc5 Qe8 25. Qc2 Bc8 26. Nd3 Bb7 27. Qd2 Ra8
28. Re1 Rd8 29. Nc5 Bc8 30. Qc2 Kh8 31. Re5 Nf4 32. Rce1 Qf7 33. f3 Qf6 34. a4
Qh6 35. R5e3 e5 36. Rxe5 Bh3 37. gxh3 Rd2 38. Qf5 Nxh3+ 39. Kh1 Nf2+ 40. Kg1
Nh3+ 1/2-1/2

[Event "SPICE Cup Open 2018"]
[Site "Saint Louis USA"]
[Date "2018.10.24"]
[Round "3.13"]
[White "Patel, Advait"]
[Black "Betaneli, Alexander"]
[Result "1-0"]
[WhiteTitle "IM"]
[BlackTitle "FM"]
[WhiteElo "2461"]
[BlackElo "2272"]
[WhiteFideId "2075105"]
[BlackFideId "2012359"]
[EventDate "2018.10.23"]
[EventType "swiss"]

1. e4 e5 2. Nf3 Nc6 3. Bb5 a6 4. Ba4 d6 5. O-O Bd7 6. c3 g6 7. d4 Bg7 8. Re1 Nf6
9. Nbd2 O-O 10. h3 exd4 11. cxd4 Nb4 12. Bxd7 Qxd7 13. Qb3 a5 14. a3 Nc6 15. d5
Nb8 16. Qxb7 Na6 17. Qb3 Nc5 18. Qc4 Qa4 19. e5 Qxc4 20. Nxc4 dxe5 21. Nfxe5 Nb3
22. Rb1 Nxd5 23. Rd1 Nb6 24. Nxb6 cxb6 25. Nd7 Rfe8 26. Be3 b5 27. Rd5 b4 28.
Rd3 a4 29. axb4 Re4 30. Nb6 Rae8 31. b5 Nd4 32. Nxa4 Nxb5 33. b4 Rc4 34. Rd5 Na3
35. Rb3 Nc2 36. Bc5 Re1+ 37. Kh2 Be5+ 38. g3 Kg7 39. Nb2 Rc3 40. Rxc3 Bxc3 41.
Nd3 Rb1 42. b5 Ba5 43. Ne5 Kf6 44. Nc4 Bc7 45. b6 Bb8 46. Rd8 Ne1 47. Nd2 Rb5
48. Rxb8 1-0

[Event "SPICE Cup Open 2018"]
[Site "Saint Louis USA"]
[Date "2018.10.24"]
[Round "3.14"]
[White "Gosdin, Kaleb"]
[Black "Wang, Justin"]
[Result "0-1"]
[BlackTitle "FM"]
[WhiteElo "2029"]
[BlackElo "2377"]
[WhiteFideId "30920442"]
[BlackFideId "30911370"]
[EventDate "2018.10.23"]
[EventType "swiss"]

1. d4 Nf6 2. c4 e6 3. Nc3 Bb4 4. Bg5 c5 5. Rc1 cxd4 6. Qxd4 Nc6 7. Bxf6 Qxf6 8.
Qxf6 gxf6 9. e3 b6 10. f4 Bb7 11. Nf3 Rc8 12. Kf2 Na5 13. Nb5 a6 14. Nbd4 Be7
15. Be2 Rg8 16. Rhd1 f5 17. g3 Ba8 18. Nb3 Nb7 19. Ne5 d6 20. Nd3 Nc5 21. Nbxc5
bxc5 22. Bf3 Be4 23. Ke2 Kd7 24. Nf2 Bxf3+ 25. Kxf3 Kc6 26. Rd2 Bf6 27. Rcd1
Rgd8 28. Nd3 a5 29. b3 Rb8 30. Nb2 Bxb2 31. Rxb2 Rb6 32. Rd3 a4 33. Rbd2 Kc7 34.
g4 fxg4+ 35. Kxg4 Rg8+ 36. Kf3 axb3 37. axb3 Rgb8 38. Kg4 Rg8+ 39. Kf3 Ra8 40.
Rg2 Kd7 41. e4 Ra3 42. Rb2 Ke8 43. Kg4 Ke7 44. Rh3 Kf6 45. Rd3 Kg6 46. Kf3 f5
47. Ke3 Ra1 48. Rg2+ Kf6 49. exf5 exf5 50. Rgd2 Ke6 51. Kf3 Rb1 52. Re2+ Kd7 53.
Ree3 Rb2 54. Rd5 Rxh2 55. Rxf5 Rh3+ 56. Ke4 Rxe3+ 57. Kxe3 Rxb3+ 58. Kd2 Rh3 59.
Rf7+ Ke6 60. Rf8 h5 61. Rh8 Kf5 62. Rh6 Kxf4 63. Rxd6 Rg3 64. Ke2 Rg5 65. Kf2
Ke4 66. Rd8 h4 67. Rh8 Rg4 68. Rh5 Kd4 69. Kf3 Rg3+ 70. Kf2 Rc3 71. Rxh4+ Kd3
72. Ke1 Rc1+ 73. Kf2 Rxc4 74. Rh8 Re4 75. Rh3+ Kc2 76. Kf3 Re8 77. Rh2+ Kc3 78.
Rh7 c4 79. Rb7 Kc2 80. Rb6 c3 81. Rb7 Kc1 82. Rc7 c2 83. Rc6 Rb8 84. Ke2 Kb2 0-1

[Event "SPICE Cup Open 2018"]
[Site "Saint Louis USA"]
[Date "2018.10.24"]
[Round "3.15"]
[White "Kiewra, Keaton"]
[Black "Polgar-Shutzman, Tom"]
[Result "1-0"]
[WhiteTitle "IM"]
[WhiteElo "2375"]
[BlackElo "2130"]
[WhiteFideId "2019280"]
[BlackFideId "2064880"]
[EventDate "2018.10.23"]
[EventType "swiss"]

1. Nf3 Nf6 2. c4 g6 3. Nc3 Bg7 4. e4 d6 5. d4 O-O 6. Be2 e5 7. dxe5 dxe5 8. Qxd8
Rxd8 9. Bg5 Re8 10. Nd5 Nxd5 11. cxd5 c6 12. Bc4 cxd5 13. Bxd5 Nd7 14. Nd2 Nc5
15. O-O-O Be6 16. Bxe6 Nxe6 17. Be3 Rec8+ 18. Kb1 Rc7 19. Rc1 Rd7 20. Nb3 b6 21.
Rhd1 Rad8 22. Rxd7 Rxd7 23. Rc8+ Bf8 24. Kc2 f5 25. a4 Kf7 26. f3 Bb4 27. Rc4
Be1 28. exf5 gxf5 29. f4 exf4 30. Bxf4 Bf2 31. Bd2 Rd5 32. Rc3 Nd4+ 33. Nxd4
Bxd4 34. Rc7+ Kg6 35. Rc6+ Kf7 36. Rc7+ Kg6 37. b4 b5 38. a5 Bg1 39. Bc3 f4 40.
Bd2 Be3 41. Bxe3 fxe3 42. Re7 Rd2+ 43. Kc3 Rxg2 44. Rxe3 Kf6 45. Rh3 Kg6 46. Rd3
Rxh2 47. Rd7 h5 48. Rxa7 h4 49. Ra6+ Kg7 50. Re6 Rg2 51. Re4 h3 52. Rh4 h2 53.
Kd4 Kf7 54. Kc5 Rg5+ 55. Kb6 Rg4 56. Rh7+ Ke6 57. Kxb5 Rg2 58. a6 Kd5 59. a7 Ra2
60. Kb6 Ra4 61. b5 1-0

[Event "SPICE Cup Open 2018"]
[Site "Saint Louis USA"]
[Date "2018.10.24"]
[Round "3.16"]
[White "Peng, David"]
[Black "Narayanan, Samrug"]
[Result "1-0"]
[WhiteTitle "FM"]
[WhiteElo "2341"]
[BlackElo "2145"]
[WhiteFideId "2059355"]
[BlackFideId "30914051"]
[EventDate "2018.10.23"]
[EventType "swiss"]

1. e4 c5 2. Nf3 d6 3. d4 cxd4 4. Nxd4 Nf6 5. Nc3 Nc6 6. g3 e5 7. Nde2 Be6 8. Bg2
Be7 9. O-O O-O 10. h3 Qd7 11. Kh2 Ne8 12. Nd5 f5 13. exf5 Bxf5 14. Be3 Nf6 15.
c4 Nxd5 16. Qxd5+ Be6 17. Qd3 Rac8 18. b3 Bf5 19. Qd2 Bf6 20. Rad1 Rcd8 21. Nc3
Be7 22. Nd5 Be6 23. Nc3 Rf6 24. f4 Rff8 25. Rfe1 Qe8 26. Nb5 Qh5 27. Qe2 Qxe2
28. Rxe2 a6 29. Nc7 Bf7 30. Nd5 Bxd5 31. cxd5 Nb8 32. Bb6 Rc8 33. fxe5 Nd7 34.
exd6 Bxd6 35. Bd4 Nc5 36. Rc1 Nd7 37. Rxc8 Rxc8 38. Re6 Bc5 39. Bxc5 Nxc5 40.
Rb6 Rc7 41. d6 Rd7 42. Bd5+ Kf8 43. Kg2 g6 44. Kf3 Kg7 45. Ke3 Kf6 46. b4 Ke5
47. Bf3 Na4 48. Rxb7 Rxd6 49. Rxh7 Nc3 50. a3 Nb5 51. a4 Nd4 52. Be4 Rb6 53.
Re7+ Kf6 54. Rb7 Nf5+ 55. Kf4 Rd6 56. Bxf5 gxf5 57. Ke3 Re6+ 58. Kf3 Rd6 59. h4
Rd3+ 60. Kf4 Rd4+ 61. Ke3 Re4+ 62. Kf3 Rc4 63. Rb6+ Ke5 64. h5 a5 65. h6 axb4
66. h7 Rc8 67. Rxb4 Kf6 68. Rh4 1-0

[Event "SPICE Cup Open 2018"]
[Site "Saint Louis USA"]
[Date "2018.10.24"]
[Round "3.17"]
[White "Daggupati, Balaji"]
[Black "Watson, John"]
[Result "1/2-1/2"]
[WhiteTitle "FM"]
[BlackTitle "IM"]
[WhiteElo "2202"]
[BlackElo "2203"]
[WhiteFideId "2090759"]
[BlackFideId "2000768"]
[EventDate "2018.10.23"]
[EventType "swiss"]

1. e4 e6 2. d4 d5 3. Nc3 Bb4 4. e5 c5 5. a3 Ba5 6. b4 cxd4 7. Qg4 Kf8 8. bxa5
dxc3 9. a4 Nc6 10. Nf3 Nge7 11. Bd3 Ng6 12. Ba3+ Kg8 13. Bd6 f6 14. Bxg6 hxg6
15. Qxg6 Rh6 16. Qg3 Bd7 17. O-O Be8 18. exf6 Rg6 19. Qf4 Rxf6 20. Qg3 Rg6 21.
Qf4 Rf6 22. Qg3 Rg6 1/2-1/2

[Event "SPICE Cup Open 2018"]
[Site "Saint Louis USA"]
[Date "2018.10.24"]
[Round "3.18"]
[White "Yanayt, Eugene"]
[Black "Polavaram, Rithik"]
[Result "1/2-1/2"]
[WhiteTitle "FM"]
[WhiteElo "2137"]
[BlackElo "2069"]
[WhiteFideId "2020165"]
[BlackFideId "2081997"]
[EventDate "2018.10.23"]
[EventType "swiss"]

1. d4 Nf6 2. c4 e6 3. g3 d5 4. Nf3 Be7 5. Bg2 O-O 6. O-O dxc4 7. Bg5 Nbd7 8. Nc3
c5 9. dxc5 Bxc5 10. Qc2 h6 11. Bxf6 Nxf6 12. Rad1 Qe7 13. Nd2 e5 14. Nxc4 Bg4
15. h3 Bd7 16. Kh2 Rad8 17. Nd5 Nxd5 18. Rxd5 Be6 19. Rxe5 Qc7 20. Rh5 Bxf2 21.
Rxf2 Qxc4 22. Qxc4 Bxc4 23. b3 Ba6 24. Bd5 g6 25. Re5 Rd7 26. Rf4 1/2-1/2

[Event "SPICE Cup Open 2018"]
[Site "Saint Louis USA"]
[Date "2018.10.24"]
[Round "3.19"]
[White "Eckert, Doug"]
[Black "Shoykhet, Benjamin"]
[Result "0-1"]
[WhiteTitle "FM"]
[WhiteElo "2124"]
[BlackElo "1855"]
[WhiteFideId "2001993"]
[BlackFideId "30919746"]
[EventDate "2018.10.23"]
[EventType "swiss"]

1. Nf3 c5 2. g3 Nc6 3. Bg2 g6 4. d4 cxd4 5. Nxd4 Bg7 6. Nb3 Nf6 7. Nc3 O-O 8.
O-O d6 9. a4 Be6 10. h3 Qd7 11. Kh2 Rac8 12. e4 Rfd8 13. Be3 b6 14. Nd4 Nxd4 15.
Bxd4 Rc4 16. Be3 Rdc8 17. a5 b5 18. e5 Ne8 19. exd6 Nxd6 20. Rc1 Bxc3 21. bxc3
Rxc3 22. a6 Bf5 23. Qd4 Rxc2 24. Rxc2 Rxc2 25. Rd1 Rc7 26. Bb7 Nxb7 27. axb7
Rxb7 28. Qa1 Qc8 29. Bh6 f6 30. Qa2+ Qc4 31. Rd8+ Kf7 32. Rf8+ Ke6 33. Qa6+ Rb6
34. Qxa7 Qc6 35. Qa2+ Qd5 36. Qa5 Rd6 37. Bf4 Bxh3 38. Qe1+ Kd7 39. f3 Re6 40.
Qf2 Ra6 41. Bc1 Be6 42. Qc2 Rc6 43. Qb2 Qh5+ 44. Kg1 Qc5+ 45. Kg2 Qc2+ 0-1

[Event "SPICE Cup Open 2018"]
[Site "Saint Louis USA"]
[Date "2018.10.25"]
[Round "4.1"]
[White "Gledura, Benjamin"]
[Black "Lenderman, Aleksandr"]
[Result "1-0"]
[WhiteTitle "GM"]
[BlackTitle "GM"]
[WhiteElo "2621"]
[BlackElo "2626"]
[WhiteFideId "712779"]
[BlackFideId "2021285"]
[EventDate "2018.10.23"]

1. Nf3 d5 2. g3 Nf6 3. Bg2 e6 4. O-O Be7 5. c4 O-O 6. d4 c6 7. Nbd2 b6 8. Qc2
Bb7 9. e4 Na6 10. e5 Nd7 11. a3 c5 12. dxc5 Naxc5 13. b4 Ne4 14. Bb2 Nxd2 15.
Nxd2 Qc7 16. Rfc1 Rac8 17. Qa4 Bc6 18. Qb3 d4 19. Bxc6 Qxc6 20. Bxd4 Rfd8 21.
Qe3 a5 22. Rab1 axb4 23. axb4 Qa4 24. Ra1 Qc6 25. b5 Qb7 26. Ne4 Ra8 27. Rxa8
Rxa8 28. Nd6 Bxd6 29. exd6 h6 30. h4 Rc8 31. h5 Qb8 32. Qa3 e5 33. Be3 Re8 34.
Ra1 Rc8 35. Qd3 Qb7 36. Qd5 Qxd5 37. cxd5 Kf8 38. Ra7 Ke8 39. Rb7 g6 40. hxg6
fxg6 41. Rc7 Kd8 42. Rxc8+ Kxc8 43. Bxh6 e4 44. Be3 Nf6 45. Bxb6 Nxd5 46. Bc5
Kd7 47. Kg2 Nc3 48. b6 Kc6 49. Kh3 Nd5 50. Kh4 e3 51. Bxe3 Kxd6 52. Kg5 Ne7 53.
Kf6 1-0

[Event "SPICE Cup Open 2018"]
[Site "Saint Louis USA"]
[Date "2018.10.25"]
[Round "4.2"]
[White "Bruzon Batista, Lazaro"]
[Black "Prohaszka, Peter2"]
[Result "1/2-1/2"]
[WhiteTitle "GM"]
[BlackTitle "GM"]
[WhiteElo "2653"]
[BlackElo "2626"]
[WhiteFideId "3503739"]
[BlackFideId "726265"]
[EventDate "2018.10.23"]

1. e4 e5 2. Nf3 Nc6 3. Bb5 Nf6 4. d3 Bc5 5. c3 d5 6. Nbd2 O-O 7. O-O dxe4 8.
dxe4 a5 9. a4 Qe7 10. Qe2 Nb8 11. Bd3 Bg4 12. Nc4 Nbd7 13. h3 Bh5 14. Re1 Rfd8
15. Bc2 Ne8 16. Ne3 f6 17. g3 c6 18. Bd2 Nd6 19. Rad1 Ba7 20. Kg2 Nc5 21. Nc4
Nxc4 22. Qxc4+ Bf7 23. Qe2 Bh5 24. Be3 Nd7 25. Bxa7 Rxa7 26. Rd3 Raa8 27. Red1
Nf8 28. Bb3+ Bf7 29. Bxf7+ Kxf7 30. Rxd8 1/2-1/2

[Event "SPICE Cup Open 2018"]
[Site "Saint Louis USA"]
[Date "2018.10.25"]
[Round "4.4"]
[White "Quesada Perez, Yuniesky"]
[Black "Cori, Jorge"]
[Result "1/2-1/2"]
[WhiteTitle "GM"]
[BlackTitle "GM"]
[WhiteElo "2622"]
[BlackElo "2664"]
[WhiteFideId "3504409"]
[BlackFideId "3802272"]
[EventDate "2018.10.23"]

1. e4 c5 2. Nf3 e6 3. d4 cxd4 4. Nxd4 Nc6 5. Nc3 Qc7 6. Be3 a6 7. Qd2 Nf6 8.
O-O-O Be7 9. f3 h5 10. Nxc6 bxc6 11. Bf4 e5 12. Bg5 a5 13. Bc4 a4 14. a3 Qb7 15.
Qd3 d6 16. Bxf6 gxf6 17. f4 exf4 18. Rhf1 Bg4 19. Rde1 Rg8 20. Rxf4 Rg5 21. Qd4
Be6 22. Rf2 Qa7 23. Qxa7 Rxa7 24. Bd3 Bd8 25. g3 Ke7 26. Nd1 Bb6 27. Ne3 Re5 28.
Nf5+ Kd7 29. Rf4 Ra8 30. c3 Rb8 31. Ref1 Ra5 32. Nd4 Bd8 33. Be2 Be7 34. Nf5 Bf8
35. R1f2 d5 36. exd5 Rxd5 37. Bd1 Kc7 38. R4f3 Bc5 39. Rf1 Re5 40. Rf4 Rd8 41.
Nd4 Bc4 42. R1f2 Re1 43. Kd2 Rh1 44. Bf3 Ra1 45. Rxf6 Be6 46. Bxh5 Bxd4 47. cxd4
Rxd4+ 48. Ke3 Rd7 49. Bf3 c5 50. h4 c4 51. Rc2 Rd3+ 52. Kf2 Ra2 53. h5 Rb3 54.
h6 Rbxb2 55. Rxb2 Rxb2+ 56. Ke3 Rh2 57. Be4 Kd6 58. h7 Ke7 59. Rf4 Kf8 60. Rh4
Rxh4 61. gxh4 Kg7 62. Bc2 Bd7 63. Kd4 f5 64. Kxc4 Kxh7 65. Kd5 Kg6 66. Kd6 Bb5
67. Ke5 Kh5 68. Bxf5 Kxh4 1/2-1/2

[Event "SPICE Cup Open 2018"]
[Site "Saint Louis USA"]
[Date "2018.10.25"]
[Round "4.5"]
[White "Tang, Andrew"]
[Black "Bok, Benjamin"]
[Result "0-1"]
[WhiteTitle "GM"]
[BlackTitle "GM"]
[WhiteElo "2469"]
[BlackElo "2639"]
[WhiteFideId "2059630"]
[BlackFideId "1017063"]
[EventDate "2018.10.23"]

1. d4 Nf6 2. c4 g6 3. f3 Bg7 4. e4 d6 5. Nc3 O-O 6. Nge2 a6 7. Be3 Nbd7 8. Qd2
b5 9. cxb5 axb5 10. Nxb5 c6 11. Na3 e5 12. Nc4 d5 13. Nxe5 dxe4 14. Nxc6 Qe8 15.
f4 Bb7 16. Ne5 Rd8 17. Nc3 Nxe5 18. fxe5 Ng4 19. Qe2 Qe6 20. O-O-O Nxe3 21. Qxe3
Qb6 22. Na4 Qa7 23. Nc5 Qxa2 24. Qa3 Qd5 25. Qb4 Bc8 26. Bc4 Qa8 27. Qa3 Qxa3
28. bxa3 Bg4 29. Nxe4 Bxd1 30. Rxd1 Rc8 31. Nd6 Rxc4+ 32. Nxc4 Rc8 33. Kc2 Rxc4+
34. Kb3 Rc8 35. a4 Kf8 36. a5 Rd8 37. Kc2 Rd5 38. Ra1 Rxd4 39. a6 Rd8 40. Ra5
Ra8 41. Kd3 Bxe5 42. Rxe5 Rxa6 43. Rd5 Re6 44. Kd2 Kg7 45. h4 Re4 46. g3 Kh6 47.
Rc5 f5 48. Rc3 Kh5 49. Rc7 Kg4 50. Rxh7 Kxg3 51. h5 gxh5 52. Rxh5 f4 53. Kd3 Re8 0-1

[Event "SPICE Cup Open 2018"]
[Site "Saint Louis USA"]
[Date "2018.10.25"]
[Round "4.6"]
[White "Nyzhnyk, Illya"]
[Black "Patel, Advait"]
[Result "1/2-1/2"]
[WhiteTitle "GM"]
[BlackTitle "IM"]
[WhiteElo "2626"]
[BlackElo "2461"]
[WhiteFideId "14118084"]
[BlackFideId "2075105"]
[EventDate "2018.10.23"]

1. d4 Nf6 2. c4 g6 3. Nc3 Bg7 4. e4 d6 5. Nf3 O-O 6. h3 e5 7. dxe5 dxe5 8. Qxd8
Rxd8 9. Bg5 Na6 10. Nd5 Rd6 11. Bxf6 Bxf6 12. Rc1 Bd8 13. c5 Re6 14. Bc4 Nxc5
15. b4 Na6 16. Bxa6 Rxa6 17. Nxc7 Bxc7 18. Rxc7 Rxa2 19. O-O Rb2 20. Ng5 Be6 21.
Nxe6 fxe6 22. Rd1 Rf8 23. Rdd7 Rfxf2 24. g4 Rg2+ 25. Kf1 Rgf2+ 26. Ke1 Rbe2+ 27.
Kd1 Rb2 28. Kc1 1/2-1/2

[Event "SPICE Cup Open 2018"]
[Site "Saint Louis USA"]
[Date "2018.10.25"]
[Round "4.7"]
[White "Shimanov, Aleksandr"]
[Black "Wang, Tianqi"]
[Result "1-0"]
[WhiteTitle "GM"]
[WhiteElo "2626"]
[BlackElo "2346"]
[WhiteFideId "4198603"]
[BlackFideId "2063824"]
[EventDate "2018.10.23"]

1. c4 Nf6 2. g3 e6 3. Bg2 d5 4. Nf3 c6 5. b3 Be7 6. Bb2 O-O 7. O-O a5 8. Nc3
Nbd7 9. d3 Re8 10. e4 dxe4 11. Nxe4 a4 12. Nxf6+ Nxf6 13. d4 Qa5 14. Qc2 Rd8 15.
Ne5 Bd7 16. Rad1 Be8 17. Rfe1 Bb4 18. Re2 axb3 19. axb3 Bf8 20. h4 Qb6 21. Re3
c5 22. d5 Ra2 23. Qb1 Qa6 24. Bf3 exd5 25. cxd5 b5 26. Nc6 Bxc6 27. dxc6 Rxd1+
28. Bxd1 Nd5 29. Re8 c4 30. bxc4 bxc4 31. Bf3 Nc7 32. Rb8 Ra5 33. Qd1 Rb5 34.
Rxf8+ Kxf8 35. Qd6+ 1-0